MRICS relaunch (Record no. 69810)

MARC details
000 -LEADER
fixed length control field 00770cam a2200205 4500
001 - CONTROL NUMBER
control field WB3811-11
008 - FIXED-LENGTH DATA ELEMENTS--GENERAL INFORMATION
fixed length control field 020319n2002 000 0 eng u
035 ## - SYSTEM CONTROL NUMBER
System control number (Sirsi) u117172
245 ## - TITLE STATEMENT
Title MRICS relaunch
260 ## - PUBLICATION, DISTRIBUTION, ETC.
Date of publication, distribution, etc. 2002
490 ## - SERIES STATEMENT
Series statement Assessor News
Volume/sequential designation 7 March 2002, 1(1)
520 ## - SUMMARY, ETC.
Summary, etc. The MRICS re-launch proposed for introduction in September 2002 comprises four key areas: a review of APC competencies; measures to increase international recognition for the RICS qualification; the proposed Certificate in Management Studies (CMS) business qualification; and compulsory web-based CPD recording.
590 ## - LOCAL NOTE (RLIN)
Local note WB
650 ## - SUBJECT ADDED ENTRY--TOPICAL TERM
Topical term or geographic name entry element RICS
650 ## - SUBJECT ADDED ENTRY--TOPICAL TERM
Topical term or geographic name entry element PROFESSIONAL QUALIFICATIONS
650 ## - SUBJECT ADDED ENTRY--TOPICAL TERM
Topical term or geographic name entry element CPD
650 ## - SUBJECT ADDED ENTRY--TOPICAL TERM
Topical term or geographic name entry element APC
9 (RLIN) 6216
690 ## - LOCAL SUBJECT ADDED ENTRY--TOPICAL TERM (OCLC, RLIN)
Topical term or geographic name as entry element EDUCATION-APC
942 ## - ADDED ENTRY ELEMENTS (KOHA)
Suppress in OPAC 0
Holdings
Withdrawn status Lost status Source of classification or shelving scheme Damaged status Not for loan Home library Current library Shelving location Date acquired Total Checkouts Full call number Barcode Date last seen Copy number Price effective from Koha item type
    Dewey Decimal Classification     London London News article 19/03/2002   WB3811-11 117172-1001 06/08/2019 1 06/08/2019 News article